Statistics for All the Geography I know-Asia

Click here to take the quiz!

General Stats

  • This quiz has been taken 1,980 times
    (56 since last reset)
  • The average score is 91 of 200

Answer Stats

LetterHintAnswer% Correct
ACapital of TurkeyAnkara
98%
ACapital of the United Arab EmiraresAbu Dhabi
87%
ACountry in the Caucasus mountainsAzerbaijan
87%
ACapital of JordanAmman
85%
ACountry in the Caucasus mountainsArmenia
85%
BCapital of IraqBaghdad
80%
BCapital of ThailandBangkok
78%
BCapital of ChinaBeijing
78%
BOld name for MyanmarBurma
78%
DBiggest city in the United Arab EmiratesDubai
78%
MCountry on the Indochina peninsulaMyanmar
78%
BIsland country in the Persian gulfBahrain
76%
C3rd biggest country in the world by sizeChina
76%
GCountry/U.s stateGeorgia
76%
HBiggest city in VietnamHo Chi Minh
76%
PCapital of North KoreaPyongyang
76%
BCapital of AzerbaijanBaku
74%
HCapital of VietnamHanoi
74%
JCapital of IndonesiaJakarta
74%
JCapital of IsraelJerusalem
74%
NCity in JapanNaga
74%
NOther Japanese city that got nukedNagasaki
74%
OCity in JapanOsaka
74%
CCountry on the Indochina peninsula(Hint:Angkor Wat)Cambodia
72%
IOne of the most populated countries on the planetIndia
72%
ICountry in southeast asiaIndonesia
72%
LCountry on the Indochina peninsulaLaos
72%
MCapital of the PhilippinesManila
72%
MCountry squished between China and RussiaMongolia
72%
OCountry on the Arabian peninsulaOman
72%
AOld name for Nur-SultanAstana
70%
BCountry in Southeast AsiaBrunei
70%
DCapital of BaliDenpasar
70%
FJapanese mountainFuji
70%
HCity in Japan that got nukedHiroshima
70%
ICountry in the Middle EastIran
70%
IMostly Jewish countryIsrael
70%
MIsland country in the Indian oceanMaldives
70%
MHoliest city in IslamMecca
70%
MHome of BollywoodMumbai
70%
NCountry in the HimalayasNepal
70%
NCapital of KazakhstanNur Sultan
70%
BIndonesian resort islandBali
67%
GDesert in China and MongoliaGobi
67%
ICapital of PakistanIslamabad
67%
KCountry in Central asiaKazakhstan
67%
NCountry on the Korean peninsulaNorth Korea
67%
RCapital of Saudi ArabiaRiyadh
67%
SCapital of the aboveSeoul
67%
SCountry in the Middle EastSyria
67%
DCapital of BangladeshDhaka
65%
GIndian riverGanges
65%
ICountry in the Middle EastIraq
65%
IBiggest city in TurkeyIstanbul
65%
JAsian island countryJapan
65%
JCountry in the Middle East/RiverJordan
65%
PIsland country in eastern asiaPhilippines
65%
PCapital of CambodiaPhnom Penh
65%
TCapital of IranTehran
65%
TCountry on the Indochina peninsulaThailand
65%
ACity in India that is home to the Taj MahalAgra
63%
ACapital of TurkmenistanAshgabat
63%
COld name for KolkataCalcutta
63%
JIndonesian islandJava
63%
KOld capital of JapanKyoto
63%
KCountry in Central asiaKyrgyzstan
63%
MCountry in southeast asiaMalaysia
63%
MCapital of OmanMuscat
63%
SIsland country in the Indian oceanSri Lanka
63%
TCapital of JapanTokyo
63%
UCountry in Central AsiaUzbekistan
63%
VCountry on the Indochina peninsulaVietnam
63%
WCity in ChinaWuhan
63%
YCountry in the Middle EastYemen
63%
YCapital of ArmeniaYerevan
63%
BCapital of KyrgyzstanBishkek
61%
GHUGE city in ChinaGuangzhou
61%
HChinese island/cityHong Kong
61%
MChinese island/city(Hint:Gambling)Macau
61%
SCapital of YemenSana'a
61%
SCountry on the Korean peninsulaSouth Korea
61%
KJapanese city known for beefKobe
59%
MCapital of the aboveMale
59%
SCountry in the Middle EastSaudi Arabia
59%
SCity in ChinaShanghai
59%
SSmall island country in Southeast asiaSingapore
59%
VCapital of LaosVientiane
59%
ACity in SyriaAleppo
57%
KCity in PakistanKarachi
57%
LCountry that is home to Tyre and SidonLebanon
57%
MCity in Saudi ArabiaMedina
57%
TCountry that is home to the Hagia SophiaTurkey
57%
XCity in ChinaXian
57%
BCity in IndiaBangalore
54%
BCity in South KoreaBusan
54%
LCity in PakistaLahore
54%
MCapital of BahrainManama
54%
UCountry in the Middle EastUAE/uae/Uae
54%
DCapital of TajikistanDushanbe
52%
HJapanese islandHokkaido
52%
JCity in Saudi ArabiaJeddah
52%
ACity in KazakhstanAlmaty
50%
HJapanese islandHonshu
50%
SIndonesian islandSumatra
50%
EOld name for TokyoEdo
48%
HCity in IsraelHaifa
48%
KOther disputed region in the HimalayasKashmir
46%
ACity in TurkeyAntayla/Antalya
43%
ITurkish city formerly known as SmyrnaIzmir
43%
PRegion of IsraelPalestine
43%
SCapital of HokkaidoSapporo
43%
ACity in YemenAden
41%
CAnother city thereChengdu
41%
HChinese islandHainan
41%
JCity in IndiaJaipur
41%
NChinese city that was "hurt" by the Japanese during WW2Nanking
41%
YCity in MyanmarYangon
41%
YCity in JapanYokohama
41%
BCity in Turkey(Hint:the Caped Crusader)Batman
39%
CCity in BangladeshChittagong
37%
FCity in JapanFukuoka
37%
ICity in South KoreaIncheon
37%
ACity in IndiaAhmedabad
35%
MRegion of ChinaManchuria
35%
TCity in ChinaTianjin
35%
ACity in TurkeyAdana
33%
FCity in JapanFukushima
33%
QCity in ChinaQingdao
30%
SCity in ChinaShenzhen
30%
TRegion of ChinaTibet
30%
UCity in the aboveUrumqi
30%
DCity in South KoreaDaegu
28%
DCity in VietnamDa Nang
28%
IRegion of ChinaInner Mongolia
28%
MIraqi cityMosul
28%
QCity in IranQom
28%
SYemeni islandSocotra
28%
DCity in Saudi ArabiaDammam
26%
HCity in ChinaHangzhou
26%
HCity in AfghanistanHerat
26%
ICity in the aboveIsfahan
26%
JRegion in the Himalayas that is being fought overJammu
26%
RCity in PakistanRawalpindi
26%
SCapital of the above(Full name)Srijayawardenepura
26%
SCity in IndonesiaSurabaya
26%
VCity in IndiaVaranasi
26%
XCity in ChinaXiamen
26%
MCity in the aboveMandalay
24%
PCity in IndiaPune
24%
HCity in ChinaHarbin
22%
ICity in the aboveIndore
22%
MCity in IndonesiaMedan
22%
NCity in IndiaNagpur
22%
URegion of ChinaUyghur
22%
ZCity in ChinaZhengzhou
22%
GRegion the above is located inGuangdong
20%
HCity in SyriaHoms
20%
MCity in IranMashad/Mashhad
20%
QCity in PakistanQuetta
20%
XRegion of ChinaXinjiang
20%
DCity in ChinaDalian
17%
KCity in TaiwanKaohsiung
17%
KCity in IraqKirkuk
17%
MCity in PakistanMultan
17%
OCity in KyrgyzstanOsh
17%
PCity in PakistanPeshawar
17%
SCity in the United Arab EmiratesSharjah
17%
BCity in TurkeyBursa
15%
DCity in TurkeyDiyarbakir
15%
PCity in IndonesiaPalembang
15%
PCity in South KoreaPusan
15%
SCity in CambodiaSiem Reap
15%
KCity in TurkeyKonya
13%
NCapital of OkinawaNaha
13%
ORegion of IndiaOdisha
13%
SCity in ChinaShantou
13%
WCity in ChinaWenzhou
13%
ACity in KazakhstanAktobe
11%
DCity in ChinaDongguan
11%
LCity in ChinaLuoyang
11%
SRegion of ChinaShandong
11%
ECity in TurkeyEdirne
9%
HCapital of the aboveHaikou
9%
HCity in VietnamHaiphong
9%
JCity in IsraelJericho
9%
KRegion/city in BangladeshKhulna
9%
MTurkish cityMersin
9%
NRegion of IndonesiaNorth Sumatra
9%
PIsland of the abovePalawan
9%
PAnother island therePanay
9%
SRegion of MalaysiaSarawak
9%
SRegion of ChinaShaanxi
9%
SRegion of ChinaShanxi
9%
BCity in ChinaBaotou
7%
CCity in TurkeyCorlu
7%
SFilipino islandSamar
7%
KCity in TurkeyKirklareli
4%
SIndonesian islandSumba
4%
SIndonesian islandSumbawa
4%
CCity in the aboveChongjin
2%

Score Distribution

Percentile by Number Answered

Percent of People with Each Score

Your Score History

You have not taken this quiz since the last reset